000 00352nam a2200157Ia 4500
008 090124s9999 xx 000 0 und d
082 _b13468
_a1595
245 _a मोहर
250 _a1
260 _c1963
300 _a136
630 _a मोहर
700 _aमहाजन दे.ल.
730 _a मोहर
942 _cBOOK
999 _c127407
_d127407